| 000 | 01322cam a2200217 4500 | ||
|---|---|---|---|
| 001 | X125930 | ||
| 008 | 040423n2004 000 0 eng u | ||
| 035 | _a(Sirsi) u125930 | ||
| 100 | _aHind, T. | ||
| 245 | 4 | _aThe reality of enlargement - political and institutional implications | |
| 260 | _c2004 | ||
| 490 |
_aFarm Management _v11(12) April 2004, 720-726(4) |
||
| 520 | _aThis year EU-15 will become EU-25. This paper examines some of the political and economic implications of enlargement for agriculture. It is likely that the hand of the smaller countries will be strengthened and that qualified majority voting will become more important in directing the EU. It will almost certainly lead to the reform of the three main EU institutions - the Commission, Council and Parliament. For the agricultural sector, these changes are likely to make negotiations on future reforms of the Common Agricultural Policy, post enlargement, more difficult and may reduce the finances available from the Structural Funds for rural measures in the current member states. [Taken from journal abstract]. | ||
| 650 | _aEUROPEAN UNION | ||
| 650 | _aAGRICULTURAL INDUSTRY | ||
| 650 | _aEU ENLARGEMENT | ||
| 650 | _aCOMMON AGRICULTURAL POLICY | ||
| 650 | _aCAP REFORM | ||
| 690 | _aRURAL-AGRICULTURE AND FORESTRY | ||
| 942 | _n0 | ||
| 999 |
_c74375 _d74375 |
||